Evénements de One Piece - Statistiques

Statistiques générales
  • Ce quiz a été pris 429 fois
    25 depuis la dernière actualisation
  • Le résultat moyen est 72 sur 126
Statistiques - réponses
Hint Réponse % Correct
Momonosuke devient Shogun Wano
95%
Usopp quitte l'équipage Water Seven
90%
Luffy s'associe avec Law Punk Hazard
86%
Luffy recrute Brook Thriller Bark
81%
L'alliance Minks-Ninja-Samourai débute Zou
81%
Le passé de Nami est montré Arlong Park
76%
Shirley prophétise que Luffy va détruire l'Île des hommes-poisson Île des hommes-poisson
76%
Luffy s'échappe d'Impel Down Impel Down
76%
Luffy, Zoro et Nami rencontre Barbe Noire Jaya
76%
Luffy rencontre Smoker Logue Town
76%
Sengoku révèle qu'Ace est le fils de Roger Marine Ford
76%
Shanks confie son chapeau à Luffy Romance Dawn
76%
Le passé de Chopper est dévoilé Royaume de Drum
76%
Luffy recrute Chopper Royaume de Drum
76%
Vivi quitte l'équipage Alabasta
71%
L'équipage du Chapeau de Paille battent l'équipage d'Arlong Arlong Park
71%
Luffy recrute Sanji Baratie
71%
Luffy est forcé de travailler pour Zeff Baratie
71%
Zoro jure qu'il ne perdra plus un seul combat Baratie
71%
Crocus explique comment voyager sur Grand Line Cap Jumeaux
71%
Robin affirme son souhait de vivre Enies Lobby
71%
Luffy bat Bellamy d'un seul coup de poing Jaya
71%
Zoro rencontre Tashigi Logue Town
71%
Le passé de Brook est montré Thriller Bark
71%
Les charpentiers annoncent à Luffy que le Merry est irréparable Water Seven
71%
Le peuple Minks couvre Raizo Zou
71%
Luffy recrute Robin Alabasta
67%
Le Grand Corsaire Crocodile est destitué Alabasta
67%
Hancock tombe amoureuse de Luffy Amazon Lilly
67%
Luffy pose son chapeau sur la tête de Nami Arlong Park
67%
Nami rejoint définitivement l'équipage Arlong Park
67%
Luffy dessine son drapeau sur Laboon Cap Jumeaux
67%
Luffy retrouve Sabo Dressrosa
67%
Sabo mange le Pyro-Fruit Dressrosa
67%
Vegapunk s'adresse à la population mondiale Egghead
67%
Luffy maîtrise le Gear Second et le Gear Thrd Enies Lobby
67%
Luffy s'associe à Crocodile Impel Down
67%
Luffy fait la rencontre de Jinbe Impel Down
67%
Les géants Dorry et Brogy sont introduits Little Garden
67%
Zoro reçoit le Sandai Kitetsu Logue Town
67%
Baggy tente de mettre à mort Luffy Logue Town
67%
Ace meurt au combat Marine Ford
67%
Shanks arrête la guerre au sommet Marine Ford
67%
Barbe Noire vole le fruit de Barbe Blanche Marine Ford
67%
Kureha soigne Nami Royaume de Drum
67%
Les Supernovae sont introduits Saboady
67%
L'équipage se retrouve après deux ans Saboady post ellipse
67%
Le passé d'Usopp est montré Sirop
67%
Zoro se sacrifie pour Luffy Thriller Bark
67%
L'équipage du chapeau de Paille bat l'équipage de Gecko Moria Thriller Bark
67%
Ryoma est introduit Thriller Bark
67%
Kaido et Big Mom sont destitués du rang des Empereurs Wano
67%
Luffy interrompt le mariage de Sanji Whole Cake Island
67%
Le passé de Sanji sur East Blue est montré Baratie
62%
Doflamingo est destitué des Grands Corsaires Dressrosa
62%
Le passé de Jinbe est montré Île des hommes-poisson
62%
Nami, Zoro et Vivi se font piéger par Mister Three Little Garden
62%
Luffy fait face aux trois amiraux Marine Ford
62%
Luffy et Nami battent Baggy Orange Town
62%
Luffy recrute Zoro Romance Dawn
62%
Le passé de Zoro est montré Romance Dawn
62%
Les Dragons Célestes sont introduits Saboady
62%
L'équipage rencontre Rayleigh Saboady
62%
Luffy bat un Pacifista en un seul coup de poing Saboady post ellipse
62%
L'équipage d'Ussop est dissous Sirop
62%
L'équipage obtient le Going Merry Sirop
62%
Luffy recrute Usopp Sirop
62%
Kaya souhaite devenir médecin Sirop
62%
Le passé de Franky est montré Water Seven
62%
Zoro affronte le Baroque Works Whiskey Peak
62%
Nami vole le Going Merry Baratie
57%
Luffy montre le Gear Fourth Dressrosa
57%
Rob Lucci éveille son fruit Egghead
57%
Sanji maîtrise la Diable Jambe Enies Lobby
57%
Luffy et son équipage affronte 100 000 ennemis Île des hommes-poisson
57%
Luffy provoque Big Mom Île des hommes-poisson
57%
L'équipage reçoit le Thousand Sunny Post Enies Lobby
57%
L'équipage s'entraîne pendant deux ans Post Marine Ford
57%
Luffy prend la mer Romance Dawn
57%
L'équipage du Chapeau de Paille subit une défaite totale Saboady
57%
Kuma a protéger le Sunny Saboady post ellipse
57%
La tête de Luffy est mise à prix à 3 milliard de Berries Wano
57%
Luffy et Baggy deviennent des Empereurs Wano
57%
Luffy maître le Gear Fifth Wano
57%
Pédro se sacrifie Whole Cake Island
57%
L'équipage reçoit un Log Pose Cap Jumeaux
52%
Luffy propose à Jinbe de rejoindre son équipage Île des hommes-poisson
52%
Le magasin du maître de Chouchou est détruit Orange Town
52%
Baggy abime le chapeau de Luffy Orange Town
52%
Aokiji sauve Smoker Punk Hazard
52%
Un grand chapeau de paille est caché à Marie-Joie Rêverie
52%
Luffy parvient à voir un petit bout d'avenir Whole Cake Island
52%
La tête de Luffy est mise à prix à 100 millions de Berries Alabasta
48%
Le passé de Robin est montré Enies Lobby
48%
La tête de Luffy est mise à prix à 300 millions de Berries Post Enies Lobby
48%
Luffy se bat contre Zoro Whiskey Peak
48%
Le Suulong des Minks est dévoilé Whole Cake Island
48%
Luffy apprend qu'Ace est en danger Amazon Lilly
43%
La tête de Luffy est mise à prix à 30 millions de Berries Arlong Park
43%
Barbe Noire capture Garp Egghead
43%
Shanks one-shot Kid Egghead
43%
Zoro maîtrise la technique Ashura Enies Lobby
43%
Luffy recrute Franky Post Enies Lobby
43%
Ym est introduit Rêverie
43%
Shanks parle aux Cinq Doyens Rêverie
43%
Koby devient un marine Romance Dawn
43%
Zoro découpe un navire en deux Saboady post ellipse
43%
Luffy embarque sur le Rocket Man Water Seven
43%
L'équipage fait la rencontre Robin Whiskey Peak
43%
Le passé de Sanji sur North Blue est dévoilé Whole Cake Island
43%
L'équipage apprend que Crocodile est à la tête du Baroque Works Whiskey Peak
38%
Sanji est contraint de quitter l'équipage Zou
38%
Vivi est portée disparue Rêverie
33%
Vivi voyage avec l'équipage du Chapeau de Paille Whiskey Peak
33%
La tête de Luffy passe à 500 millions de Berries Dressrosa
29%
Les Révolutionnaires sont introduits Logue Town
29%
L'équipage se disent leurs rêves autours d'un tonneau Logue Town
29%
Le lecteur apprend que Shanks et Baggy ont été mousse sur le même navire Orange Town
29%
Luffy crie qu'il deviendra le Roi des Pirates Tous les arcs
29%
Luffy obtient son 1er road ponéglyphe Zou
29%
L'amiral Aokiji est introduit Davy Back Fight
24%
Tous les grands corsaires sont révoqués Rêverie
24%
Le passé de Norland est montré Skypiea
19%
Le système d'Empereur est introduit Saboady
5%
Le fluide Royal est la première fois nommé ainsi Saboady
5%
Sogeking s'allie à l'équipage du Chapeau de Paille Water Seven
5%
Aucun quiz correspondant
Distribution des résultats
% des personnes avec chaque résultat
Percentile par nombre de réponses
Votre historique - résultats
Vous n’avez pas pris ce quiz depuis la dernière actualisation